000 00484caa a22001812a 4500
001 001220
003 AR-FADEU
008 311216n########xxu####################dd
092 _a808.31
_bH198
100 _aRandall, Florence Engel
245 _aThe watchers
300 _app. 267-279
500 _aEn: The shape of fiction. -- New York : McGraw-Hill
700 _aFrederick R, Karl
650 _aSHORT STORIES; LITERATURA EN INGLES-NOVELA
546 _ainglés
942 _cBDGR
999 _c7059
_d7059